Evidencias de la Era Patriarcal y del Éxodo : (Record no. 23199)

000 -CABECERA
fixed length control field 00925nam a22002537i 4500
003 - IDENTIFICADOR DEL NÚMERO DE CONTROL
control field AR-CdUCM
008 - DATOS DE LONGITUD FIJA--INFORMACIÓN GENERAL
fixed length control field 250124b20232023 pe||||| |||| 00| 0 spa d
020 ## - NÚMERO INTERNACIONAL ESTÁNDAR DEL LIBRO
ISBN 978-612-00-8468-4
040 ## - FUENTE DE LA CATALOGACIÓN
Agencia/entidad que catalogó originalmente la obra MUNICIPALIDAD PROVINCIAL DEL CUSCO
Entidad que transcribió la catalogación BIBLIOTECA MUNICIPAL DEL CUSCO
082 ## - NÚMERO DE LA CLASIFICACIÓN DECIMAL DEWEY
No. de Clasificación 204 / L28
Notacion interna L28
100 ## - ENTRADA PRINCIPAL--NOMBRE DE PERSONA
Nombre Personal Latorre Vilca, Juan Fernando
245 ## - MENCIÓN DE TÍTULO
Título Evidencias de la Era Patriarcal y del Éxodo :
Resto del título Pruebas que corroboran la historicidad de Abraham, Jacob, José, Moisés y el Éxodo de Israel /
260 ## - PUBLICACIÓN, DISTRIBUCIÓN, ETC.
Lugar de publicación, distribución, etc. San Jerónimo-Cusco :
Nombre de la editorial, distribuidor, etc. Autor Editor
Fecha de publicación, distribución, etc. 2023
300 ## - DESCRIPCIÓN FÍSICA
Nº de Páginas Extensión 200 páginas. :
Dimensiones 20x14 cm.
500 ## - NOTA GENERAL
Bibliografía Bibliografía: página 195
505 ## - NOTA DE CONTENIDO CON FORMATO
Nota de contenido formateada Historicidad de Abrahán, Jacob, José, Moisés -- El faraón del éxodo
650 ## - PUNTO DE ACCESO ADICIONAL DE MATERIA--TÉRMINO DE MATERIA
Descriptor Abrahan
9 (RLIN) 50971
650 ## - PUNTO DE ACCESO ADICIONAL DE MATERIA--TÉRMINO DE MATERIA
Descriptor Jacób
9 (RLIN) 50972
650 ## - PUNTO DE ACCESO ADICIONAL DE MATERIA--TÉRMINO DE MATERIA
Descriptor José
9 (RLIN) 50973
650 ## - PUNTO DE ACCESO ADICIONAL DE MATERIA--TÉRMINO DE MATERIA
Descriptor Moisés
9 (RLIN) 50974
942 ## - ELEMENTOS DE PUNTO DE ACCESO ADICIONAL (KOHA)
Fuente de clasificación
Tipo de item Libros-BMC
945 ## - PROCESAMIENTO DE INFORMACIÓN LOCAL (OCLC)
Catalogador pbjr
AAAA-MM-DD - Fecha de ingreso o modificacion 24-01-2025
Holdings
Estado de retiro (separado) Fuente de clasificación o esquema de estanterías Estado dañado Ubicación Sala donde se ubica Nombre de la colección Fecha de adquisición o compra Fuente de adquisición Costo, precio normal en soles Signatura topográfica Código de Barras Última vez visto (Koha) Tipo de ítem (Koha)
No     Sala Humanidades Sala Humanidades Book Cart 2025-01-24 Donación 15.00 204 / L28 SH0000016909 2025-01-24 Libros-BMC

Powered by Koha